000 00550nam a22002177a 4500
005 20170124110127.0
010 _a674293
020 _c00.00
_a0709124244
035 _a674293
037 _bCen Lib/Ret
040 _aDPL
_bEN
082 _aN
_bSAV
100 _aSava, George
_931700
245 _aTell your grief softly /
_cby George Sava
260 _bRobert Hale
_aLondon
_c1972
270 _bLondon
300 _a222p.
_c19cm(Hb)
650 _aFiction in English
_928291
650 _aEnglish literature
_931701
942 _2ddc
_cEN
_hN
_mSAV
999 _c131414
_d131414